000 00468nam a22001817a 4500
005 20260423162318.0
008 260423b |||||||| |||| 00| 0 eng d
020 _a9788120407039
_c575.00
040 _aMAIN
041 _aEnglish
082 _a634.9
_bDWI
100 _aDwivedi, A.P.
_912483
245 _aAgroforestry Principles And Practice
260 _aNew Delhi
_bCBS
_c2022
300 _a363
650 _aEnvironment Science (PM USHA)
_926725
942 _cBK
999 _c60717
_d60717